000 01086naa a22002897a 4500
001 BR7903753
003 BR-BrBNA
005 20240918174416.0
007 ta
008 230509b bl.||||| |||| 00| 0 por d
040 _aBR-BrBNA
_bpor
_cBiblioteca Nacional de Agricultura
041 _a(Pt)
072 _aH20
_b0336
_b4150
090 _aH20 BR7903753
100 1 _aCosta, A.S.
100 1 _aMiranda, M.A.C. de
100 1 _aAlmeida, A.M.R.
111 1 _a1. Seminario Nacional de Pesquisa de Soja
_cLondrina, PR (Brazil)
_d24 Sep 1978
245 1 _aOcorrencia de infeccao natural de certas cultivares de soja com virus do mosaico dourado do feijoeiro [Glycine max]
260 3 _aLondrina, PR (Brasil):
_c1979.
500 _aAnais do 1. Seminario Nacional de Pesquisa de Soja Londrina, PR (Brasil): 1979. p. 145-150 (BR7903753-AM)H20
650 _aSOJA
650 _aMOSAICO DOURADO
773 0 _tAnais do 1. Seminario Nacional de Pesquisa de Soja
_b
_wH20 BR7903753
_gLondrina, PR (Brasil), 1979. p. 145-150
909 _a202404
_bLucia
_c55
_dLucia Elande
942 _cAM
_2AGRIS
999 _c311043
_d311043